Roads on the A6 Highway (Sydney) - Statistics

General Stats
  • This quiz has been taken 48 times
  • The average score is 9 of 15
Answer Stats
Main Suburb Road % Correct
Silverwater Silverwater Road
88%
Heathcote Heathcote Road
78%
Dundas Kissing Point Road
73%
Bankstown Stacey Street
70%
Alfords Point Alfords Point Road
68%
Carlingford Marsden Road
65%
Yagoona Rookwood Road
58%
Lidcombe Joseph Street
55%
Bankstown Fairford Road
53%
Menai New Illawarra Road
50%
Lidcombe Olympic Drive
48%
Auburn St. Hilliers Road
48%
Padstow Davies Road
45%
Dundas Valley Stewart Street
43%
Lidcombe Boorea Street
15%
No matching quizzes found
Score Distribution
Percent of People with Each Score
Percentile by Number Answered
Your Score History
You have not taken this quiz